000 00379nam a2200157Ia 4500
008 210210b2002 xxu||||| |||| 00| 0 eng d
020 _a81 7167 423 2
082 _a823.008 MUNC
100 _aSAKI (Hector Hugh Munro).
245 _aComplete Works.
260 _aND
_bRupa & co.
_c2002
300 _a944
650 _aSaki
690 _aEnglish Collections
906 _a058372
999 _c105865
_d105865